| 000 | 01388nam a2200337 a 4500 | ||
|---|---|---|---|
| 999 |
_c84348 _d84348 |
||
| 003 | BLK | ||
| 005 | 20231202151458.0 | ||
| 008 | 180408b bul|||||r ||||||| ||bul|| | ||
| 020 | _a9789545288371 | ||
| 040 | _aBLK | ||
| 041 |
_aBUL _cBUL |
||
| 080 |
_aСредства на водния транспорт. Плавателни съдове. Корабостроене _b629.12 _z629.12 |
||
| 100 | 1 |
_aУилкинсън, Филип _eпърви автор _9367671 |
|
| 139 |
_aУилкинсън, Филип _bУ 38 |
||
| 245 | 1 | 0 |
_aНай-хубавата книга за корабите _bИстория, открития, битки, навигация _cФилип Уилкинсън ; прев. от англ. Калчо Вълков. |
| 257 | _aGBR | ||
| 260 |
_bТруд _c2008 _fСофия : Д. Благоев _aСофия |
||
| 300 |
_a64 с. _bс цв. ил. _c29 см |
||
| 380 | _aDN | ||
| 500 | _aБез сведение за ориг. загл. | ||
| 650 | 4 |
_aКораби _9159349 |
|
| 653 | _aкораби | ||
| 653 | _aистория | ||
| 653 | _aдетска литература | ||
| 700 | 1 |
_aВълков, Калчо _eпрев. от англ. _9372803 |
|
| 852 |
_aЦб ІІ 15574 _bЦб |
||
| 852 |
_bД _c629/У 38 Ф |
||
| 942 |
_cKNG _n0 _s1 _04 |
||
| 944 |
_aCR _c10.04.2009 _k30532 _lМира Стойчева |
||
| 944 |
_aED _c2022-09-14 _kКети |
||